Estudios sobre la fiebre amarilla / (Record no. 174087)

MARC details
000 -LEADER
campo de control de longitud fija 00841nam a22002295i 4500
001 - NÚMERO DE CONTROL
campo de control 174087
003 - IDENTIFICADOR DE NÚMERO DE CONTROL
campo de control ES-MaACL
005 - FECHA Y HORA DE LA ÚLTIMA TRANSACCIÓN
campo de control 20250829120106.0
008 - DATOS DE LONGITUD FIJA--INFORMACIÓN GENERAL
campo de control de longitud fija 100215s1945 cu |||| | spa d
080 ## - NÚMERO DE LA CLASIFICACIÓN DECIMAL UNIVERSAL
Número de la Clasificación Decimal Universal 616.988.71
100 1# - ENTRADA PRINCIPAL--NOMBRE DE PERSONA
Nombre de persona Finlay, Carlos J.
9 (RLIN) 50912
245 10 - MENCIÓN DEL TÍTULO
Título Estudios sobre la fiebre amarilla /
Mención de responsabilidad, etc. Carlos J. Finlay ; presentación y ordenación por Manuel Villaverde y Álvarez.
260 ## - PUBLICACIÓN, DISTRIBUCIÓN, ETC.
Lugar de publicación, distribución, etc. La Habana :
Nombre del editor, distribuidor, etc. Ministerio de Educación, Dirección de Cultura,
Fecha de publicación, distribución, etc. 1945.
300 ## - DESCRIPCIÓN FÍSICA
Extensión 184 p. ;
Dimensiones 19 cm.
490 1# - MENCIÓN DE SERIE
Mención de serie Cuadernos de cultura. Sexta serie ;
Designación de volumen o secuencia 5
650 #4 - PUNTO DE ACCESO ADICIONAL DE MATERIA--TÉRMINO DE MATERIA
Término de materia o nombre geográfico como elemento de entrada Fiebre amarilla.
9 (RLIN) 12774
700 1# - ENTRADA AGREGADA--NOMBRE PERSONAL
Nombre de persona Villaverde Alvarez, Manuel.
9 (RLIN) 142162
710 1# - ENTRADA AGREGADA--NOMBRE DE ENTIDAD CORPORATIVA
Nombre de entidad corporativa o nombre de jurisdicción como elemento de entrada Cuba.
Unidad subordinada Dirección General de Cultura.
9 (RLIN) 146958
830 1# - PUNTO DE ACCESO ADICIONAL DE SERIE-TÍTULO UNIFORME
Título uniforme Cuadernos de cultura
Designación de volumen o secuencia 5
9 (RLIN) 181245
852 ## - LOCALIZACIÓN
Ubicación ES-MaACL
Número de control de estantería C-57151
Holdings
Estatus retirado Estado de pérdida Estado de daño No para préstamo Biblioteca de origen Biblioteca actual Ubicación en estantería Fecha de adquisición Fuente de adquisición Total de préstamos Signatura topográfica completa Código de barras Visto por última vez Precio de reemplazo Tipo de ítem Koha
        Biblioteca del Ateneo de Madrid Biblioteca del Ateneo de Madrid Depósito 2 15/02/2010     C-57151 1182738 23/02/2023 23/02/2023 Libro impreso